000 00470nam a2200205Ia 4500
003 OSt
005 20220918231200.0
006 a|||||r|||| 00| 0
007 ta
008 220917b |||||||| |||| 00| 0 eng d
024 _a266,185
037 _cTextual
040 _aARTS
_cARTS
_beng
041 _2eng
_aeng
082 _aO15,1A2, [P9]
245 0 _aProlegomena
260 _c2009
942 _hO15,1A2, [P9]
_cTEXL
_2CC
999 _c290089
_d290089